Normal view
MARC view
- Talha Bin Hussain, Hafiz
Entry Personal Name
001 - CONTROL NUMBER
- control field: 119872
003 - CONTROL NUMBER IDENTIFIER
- control field: NUST
005 - DATE AND TIME OF LATEST TRANSACTION
- control field: 20240116102153.0
008 - FIXED-LENGTH DATA ELEMENTS
- fixed length control field: 240116|| aca||aabn | a|a d
040 ## - CATALOGING SOURCE
- Original cataloging agency: NUST
- Transcribing agency: NUST
100 ## - HEADING--PERSONAL NAME
- Personal name: Talha Bin Hussain, Hafiz
670 ## - SOURCE DATA FOUND
- Source citation: Work cat.: (NUST): Talha Bin Hussain, Hafiz, Containerized microservice framework on edge device for health care IOT system, 29.08.2023
